[Event "Chigorin mem"]
[Site "St Petersburg"]
[Date "1995.??.??"]
[Round "2"]
[White "Efremov, Roman"]
[Black "Aseev, Konstantin N"]
[Result "1/2-1/2"]
[WhiteElo "2425"]
[BlackElo "2530"]

1.d4 Nf6 2.c4 e6 3.g3 c5 4.d5 exd5 5.cxd5 b5 6.Bg2 d6 7.Nf3 Nbd7 8.O-O Nb6
9.e4 Be7 10.Re1 O-O 11.Nh4 Ne8 12.Nf5 Bxf5 13.exf5 Nc7 14.Nc3 b4 15.Ne2 Re8
16.a3 a5 17.Nf4 Bf6 18.Be4 Bd4 19.Kg2 Nd7 20.axb4 axb4 21.Rxa8 Nxa8 22.Nh5 Nf6
23.Nxf6+ Bxf6 24.Qd3 Nb6 25.b3 Bc3 26.Re3 Nd7 27.g4 Nf6 28.Bf3 Rxe3 29.Bxe3 h6
30.Bf4 Qe7 31.h3 Be5 32.Be3 Nd7 33.Bd1 Bc3 34.Bf3 Nf6  1/2-1/2

[Event "SLO-ch"]
[Site "Vrhnika"]
[Date "1995.??.??"]
[Round "?"]
[White "Krumpacnik, Domen"]
[Black "Podlesnik, Bogdan"]
[Result "0-1"]
[WhiteElo "2405"]
[BlackElo "2395"]

1.d4 Nf6 2.c4 e6 3.g3 c5 4.d5 exd5 5.cxd5 b5 6.Bg2 d6 7.e4 Nbd7 8.Qe2 Qa5+
9.Bd2 b4 10.Na3 Ne5 11.Bf1 Qb6 12.Nc4 Nxc4 13.Qxc4 a5 14.Qc2 g6 15.Bc4 Bg7
16.Ne2 Bg4 17.Bg5 Nd7 18.Ng1 Ne5 19.Be2 Bxe2 20.Qxe2 c4 21.Rb1 O-O 22.Nf3 Nd3+
23.Kf1 Rfe8 24.Nd2 Nxb2 25.Rxb2 c3 26.Nc4 cxb2 27.Nxb6 b1=Q+ 28.Kg2 Qb2 29.Qxb2 Bxb2
30.Nxa8 Rxa8 31.Rb1 Bc3 32.Kf3 a4 33.e5 b3 34.axb3 a3 35.exd6 a2 36.Rc1 a1=Q
37.Rxa1 Bxa1 38.Be7 Ra7 39.b4 f5 40.b5 Rd7 41.Ke3 Kf7 42.Kd3 Be5 43.Kc4 Bxd6
44.Bxd6 Rxd6 45.Kc5 Ke7 46.b6 Rd8 47.b7 Kd7 48.Kb6 Kd6  0-1

[Event "Zalakaros op"]
[Site "Zalakaros"]
[Date "1995.??.??"]
[Round "8"]
[White "Kiss, Attila"]
[Black "Muhtarov, Leonid"]
[Result "1-0"]
[WhiteElo "2380"]
[BlackElo "2175"]

1.d4 Nf6 2.c4 e6 3.g3 c5 4.Nf3 cxd4 5.Nxd4 a6 6.Bg2 Qc7 7.O-O Be7 8.b3 O-O
9.Bb2 Nc6 10.Nc3 d6 11.Rc1 Ne5 12.e4 Bd7 13.Qe2 Rac8 14.Rfd1 Rfe8 15.h3 Qb8
16.Kh1 Ng6 17.Qf1 h5 18.f4 h4 19.g4 e5 20.Nde2 exf4 21.Nxf4 Nxf4 22.Qxf4 Nh7
23.Rc2 Be6 24.Nd5 Bg5 25.Qf2 b5 26.cxb5 Rxc2 27.Qxc2 Bxd5 28.Rxd5 axb5 29.Qd3 b4
30.Rxd6 Bf4 31.Rd7 Nf6 32.Bxf6 gxf6 33.Qd5 Rf8 34.Bf1 Bg5 35.e5 Qxe5 36.Qxe5 fxe5
37.Bc4 Kg7 38.Bd5 Be3 39.Kg2 Rc8 40.Kf3 Rc3 41.Ke4 Kg6 42.Bxf7+ Kf6 43.Bc4 Bd4
44.Bd3 Rc1 45.Rd6+ Ke7 46.Rh6 Re1+ 47.Kf5 Re3 48.Be4 Rxh3 49.Rh7+ Kd6 50.g5 Rh2
51.g6 Rf2+ 52.Kg4 Rf4+ 53.Kh5 Rf1 54.g7 Rg1 55.Bg6 Be3 56.g8=Q  1-0

[Event "AUT-chT9596"]
[Site "?"]
[Date "1996.??.??"]
[Round "?"]
[White "Horvath, Jozsef"]
[Black "Atlas, Valeri"]
[Result "1/2-1/2"]
[WhiteElo "2505"]
[BlackElo "2440"]

1.d4 Nf6 2.c4 e6 3.g3 c5 4.d5 exd5 5.cxd5 Bd6 6.Nc3 O-O 7.Bg2 Bc7 8.d6 Ba5
9.Nh3 Nc6 10.O-O b6 11.Nb5  1/2-1/2

[Event "Regionalliga NO9596"]
[Site "Bayern"]
[Date "1996.??.??"]
[Round "?"]
[White "Kampehl, Thomas"]
[Black "Schroll, Ralph"]
[Result "0-1"]
[WhiteElo "2015"]
[BlackElo "2180"]

1.d4 Nf6 2.c4 e6 3.g3 c5 4.Nf3 cxd4 5.Nxd4 Nc6 6.Nb5 d6 7.Bg2 a6 8.N5c3 Be7
9.O-O O-O 10.e4 Qc7 11.Be3 Ne5 12.b3 Rb8 13.a4 b6 14.h3 Bb7 15.Qe2 Bc6 16.Rc1 Qb7
17.Nd2 Rfe8 18.b4 Qd7 19.f4 Ng6 20.Nb3 Ba8 21.Rd1 Qc7 22.Rac1 Rec8 23.Nd2 Nd7
24.Qd3 Bf8 25.Ne2 Ne7 26.Nb3 Nc6 27.Qd2 Nf6 28.b5 Nd8 29.Qd3 axb5 30.axb5 Qb7
31.Nc3 Nd7 32.Rd2 Nc5 33.Nxc5 bxc5 34.e5 d5 35.cxd5 c4 36.Qe4 Bb4 37.Qd4 Bxc3
38.Qxc3 exd5 39.Bxd5 Qxb5 40.Bxc4 Qb7 41.Rh2 Qf3 42.Qe1 Ne6 43.Bf1 Rxc1 44.Bxc1 Nd4
45.Bb2 Rxb2 46.Rxb2 Qh1+ 47.Kf2 Qh2+ 48.Ke3 Qxb2 49.Qa5 Nf5+ 50.Kd3 Qd4+
51.Ke2 Nxg3+ 52.Ke1 Bf3  0-1

[Event "Benasque op"]
[Site "Benasque"]
[Date "1996.??.??"]
[Round "1"]
[White "Pol Valveny, Ramon"]
[Black "Marin, Mihail"]
[Result "0-1"]
[WhiteElo "2085"]
[BlackElo "2530"]

1.d4 Nf6 2.c4 e6 3.g3 c5 4.Nf3 cxd4 5.Nxd4 Qc7 6.Bg2 Qxc4 7.O-O Nc6 8.Nxc6 bxc6
9.Nc3 Be7 10.Bf4 d5 11.Rc1 Qa6 12.e4 O-O 13.e5 Nd7 14.Qg4 Re8 15.Rfe1 Rb8
16.b3 Rb4 17.h4 c5 18.Qh5 Bf8 19.Bf1 Qc6 20.Bd3 g6 21.Qg5 Bg7 22.Nd1 h6 23.Qg4 Nxe5
24.Rxe5 Bxe5 25.Bxg6 Bg7 26.Qh5 fxg6 27.Qxg6 Rxf4 28.gxf4 Rf8 29.Ne3 Rf6
30.Qg3 h5 31.Qg5 Qe8 32.Kh2  0-1

[Event "Cannes mT"]
[Site "Cannes"]
[Date "1996.??.??"]
[Round "6"]
[White "Sosonko, Gennadi"]
[Black "Lepelletier, Benoit"]
[Result "1-0"]
[WhiteElo "2515"]
[BlackElo "2470"]

1.d4 Nf6 2.c4 e6 3.g3 c5 4.Nf3 cxd4 5.Nxd4 d5 6.Bg2 e5 7.Nf3 d4 8.O-O Nc6
9.e3 Be7 10.exd4 exd4 11.Bf4 O-O 12.Ne5 Nxe5 13.Bxe5 Bc5 14.Nd2 Re8 15.Re1 Bf5
16.Qf3 Bc2 17.Qxb7 Ng4 18.Qxa8 Qxa8 19.Bxa8 Nxe5 20.Bd5 Kf8 21.Kg2 d3 22.Nf3 f6
23.a3 a5 24.Re4 Nxf3 25.Rxe8+ Kxe8 26.Bxf3 Bd4 27.Re1+ Kd8 28.b4 Bc3 29.Re3 f5
30.bxa5 Kc7 31.Re7+ Kd6 32.a6 g5 33.a7 g4 34.a8=Q Kxe7 35.Qb7+ Kf6 36.Qb6+ Kg7
37.Qc7+ Kg6 38.Qd6+ Kg7 39.Bd1  1-0

[Event "CZE-chT2a 9596"]
[Site "CZE"]
[Date "1996.??.??"]
[Round "?"]
[White "Jedlicka, Ales"]
[Black "Zedek, Alois"]
[Result "1-0"]
[WhiteElo "2190"]
[BlackElo "2270"]

1.d4 Nf6 2.c4 e6 3.g3 c5 4.d5 e5 5.Nc3 d6 6.e4 Be7 7.Bh3 O-O 8.Bxc8 Qxc8
9.Qe2 a6 10.Nf3 Nbd7 11.O-O Re8 12.a4 Nf8 13.Nh4 g6 14.Kg2 Nh5 15.Nf5 gxf5
16.Qxh5 fxe4 17.Nxe4 f5 18.Ng5 Bxg5 19.Qxg5+ Ng6 20.h4 Kf7 21.Qh6 Rh8 22.h5 Ne7
23.Qxd6 e4 24.Bg5 Qf8 25.Qe6+  1-0

[Event "Dallas Pinfork op"]
[Site "Dallas"]
[Date "1996.??.??"]
[Round "?"]
[White "Gurevich, Dmitry"]
[Black "Gallagher, Joseph G"]
[Result "1-0"]
[WhiteElo "2535"]
[BlackElo "2525"]

1.d4 Nf6 2.c4 e6 3.g3 c5 4.Nf3 d5 5.cxd5 exd5 6.Bg2 Nc6 7.O-O cxd4 8.Nxd4 Be7
9.Nc3 O-O 10.Bf4 Be6 11.Qa4 Nxd4 12.Qxd4 Qa5 13.Rac1 Rac8 14.Qd3 Rfd8 15.Qb5 Bb4
16.Qxa5 Bxa5 17.Nb5 Ne4 18.Nxa7 Rxc1 19.Bxc1 Bb6 20.Nb5 Rc8 21.Bxe4 dxe4
22.Nc3 f5 23.Rd1 Ba5 24.Rd6 Bc4 25.Bd2 Rd8 26.Rxd8+ Bxd8 27.b3 Ba6 28.Kf1 Ba5
29.Nxe4 fxe4 30.Bxa5 Kf7 31.Ke1 Ke6 32.Kd2 Bb5 33.Ke3 Kd5 34.Bc3 g6 35.a4 Bc6
36.Kf4 Ke6 37.h4 h5 38.Bd4 Bd5 39.b4 Bc6 40.Bb2 Bd5 41.Ke3 Bc4 42.Kxe4 Bxe2
43.Kd4 Bd1 44.a5 Be2 45.Ke3 Bd1 46.Kf4 Be2 47.f3 Kd5 48.Bf6 Ke6 49.Bc3 Kd5
50.g4 Kc4 51.Bd2 Bd1 52.gxh5 gxh5 53.Ke4 Kb5 54.f4  1-0

[Event "DEN-chT 9697"]
[Site "?"]
[Date "1996.??.??"]
[Round "2"]
[White "Hutters, Tomas"]
[Black "Berg, Klaus"]
[Result "1/2-1/2"]
[WhiteElo "2425"]
[BlackElo "2395"]

1.d4 Nf6 2.c4 e6 3.g3 c5 4.Nf3 cxd4 5.Nxd4 Bb4+ 6.Nc3 Ne4 7.Qd3 Qa5 8.Nb3 Nxc3
9.Bd2 Ne4 10.Qxe4 Bxd2+ 11.Nxd2 O-O 12.Bg2 Nc6 13.Qd3 Rd8 14.O-O d5 15.cxd5 exd5
16.Nf3 d4 17.Rfd1 Bf5 18.Qd2 Qb6 19.Ne1 Re8  1/2-1/2

[Event "Dresden op"]
[Site "Dresden"]
[Date "1996.??.??"]
[Round "5"]
[White "Klee, Mario"]
[Black "Lau, Ralf"]
[Result "0-1"]
[WhiteElo "2155"]
[BlackElo "2510"]

1.d4 Nf6 2.c4 e6 3.g3 c5 4.d5 exd5 5.cxd5 d6 6.Nc3 g6 7.Bg2 Bg7 8.Nf3 O-O
9.O-O Re8 10.Nd2 a6 11.a4 Nbd7 12.a5 b5 13.axb6 Nxb6 14.Nb3 Bd7 15.Na5 Qc7
16.Re1 Ng4 17.h3 Ne5 18.f4 Nec4 19.Nxc4 Nxc4 20.Qd3 Ne3 21.Be4 f5 22.Bxe3 fxe4
23.Qc4 Qb7 24.Ra3 Qb4 25.Qa2 Bd4 26.Bxd4 cxd4 27.Rb3 Qc5 28.Na4 Bxa4 29.Qxa4 d3+
30.e3 Qxd5 31.Rc3 Qb5 32.Qd4 Qd7 33.Rec1 Rac8 34.Rxc8 Rxc8 35.Rxc8+ Qxc8
36.Qxe4 Qc1+ 37.Kf2 Qxb2+ 38.Kf1 Qb1+ 39.Kf2 Qc2+ 40.Kf1 Kf7 41.f5 Qb1+ 42.Kf2 Qa2+
43.Kf1 Qe2+ 44.Kg1 d2 45.Qd5+ Kg7 46.Qe4 Kh6 47.Qh4+ Qh5 48.Qf4+ Qg5  0-1

[Event "RUS-ch"]
[Site "Elista"]
[Date "1996.??.??"]
[Round "3"]
[White "Dyachkov, Sergej"]
[Black "Aseev, Konstantin N"]
[Result "1/2-1/2"]
[WhiteElo "2515"]
[BlackElo "2560"]

1.d4 Nf6 2.c4 e6 3.g3 c5 4.Nf3 cxd4 5.Nxd4 Qc7 6.Nc3 a6 7.Bg2 Qxc4 8.O-O Nc6
9.Nxc6 bxc6 10.Bf4 Qb4 11.e4 Be7 12.a3 Qb7 13.Bd6 Bxd6 14.Qxd6 Qb8 15.Qc5 Qa7
16.Qd6 Qb8 17.Qc5 Qa7 18.Qd6  1/2-1/2

[Event "Essen tt"]
[Site "Essen"]
[Date "1996.??.??"]
[Round "?"]
[White "Kohlweyer, Bernd"]
[Black "Doering, Thomas"]
[Result "1-0"]
[WhiteElo "2420"]
[BlackElo "2215"]

1.d4 Nf6 2.c4 e6 3.g3 c5 4.Nf3 cxd4 5.Nxd4 a6 6.Bg2 Qc7 7.O-O d6 8.b3 Be7
9.Bb2 O-O 10.Nc3 Nbd7 11.Rc1 Ne5 12.Qd2 Rd8 13.Rfd1 Bd7 14.f4 Ng6 15.e3 Rab8
16.h3 h5 17.Bh1 Kf8 18.Qf2 Kg8 19.e4 b6 20.Nf3 Rbc8 21.Qe2 Be8 22.Ng5 Nf8
23.Re1 g6 24.Rf1 N8h7 25.Nxh7 Nxh7 26.f5 Bf6 27.fxe6 fxe6 28.Nd5 exd5 29.Bxf6 Nxf6
30.Rxf6 Qg7 31.Rcf1 dxc4 32.bxc4 b5 33.e5 dxe5 34.Qxe5 bxc4 35.Qe6+ Kh7 36.Rf7 Bxf7
37.Rxf7 c3 38.Be4 Kh8 39.Rxg7 Kxg7 40.Qxg6+ Kf8 41.Qf6+ Kg8 42.Bd5+ Kh7 43.Bf7  1-0

[Event "FIN-chT 9596"]
[Site "FIN"]
[Date "1996.??.??"]
[Round "9"]
[White "Maki Uuro, Miikka"]
[Black "Viljava, Tapani"]
[Result "1-0"]
[WhiteElo "2265"]
[BlackElo "2245"]

1.d4 Nf6 2.c4 e6 3.g3 c5 4.Nf3 cxd4 5.Nxd4 Ne4 6.Bg2 Bb4+ 7.Nd2 Qf6 8.Bxe4 Qxd4
9.Qc2 f5 10.Bg2 O-O 11.O-O Nc6 12.Nb3 Qf6 13.Be3 Be7 14.c5 e5 15.Rad1 a5
16.a4 Ra6 17.f4 e4 18.Nd4 Nxd4 19.Bxd4 Qf7 20.Rc1 d6 21.cxd6 Rxd6 22.e3 Rc6
23.Qe2 Bd7 24.Rxc6 Bxc6 25.Qc2 Bb4 26.Rc1 Qa2 27.Bf1 Qe6 28.Bc4 Bd5 29.Bb5 h6
30.Qc7 Rf7 31.Qd8+ Rf8 32.Qd7 Qxd7 33.Bxd7 g5 34.Rc7 Bd6 35.Be6+ Bxe6 36.Rg7+  1-0

[Event "Finkenstein op"]
[Site "Finkenstein"]
[Date "1996.??.??"]
[Round "3"]
[White "Buck, Lars"]
[Black "Mencinger, Vojko"]
[Result "0-1"]
[WhiteElo "2190"]
[BlackElo "2390"]

1.d4 Nf6 2.c4 e6 3.g3 c5 4.Nf3 cxd4 5.Nxd4 Qc7 6.Nd2 b6 7.Bg2 Bb7 8.Nb5 Qc8
9.e4 a6 10.Nc3 d6 11.O-O Nbd7 12.b3 Be7 13.Bb2 O-O 14.Qe2 Bc6 15.Nf3 Ra7
16.Nd4 Ba8 17.Rac1 Rc7 18.h3 Bb7 19.Kh2 Qa8 20.Rfe1 Re8 21.f4 g6 22.f5 Bf8
23.fxe6 fxe6 24.Rf1 Bg7 25.Ba3 Nc5 26.Bxc5 bxc5 27.Nc2 Nh5 28.Ne3 Be5 29.Rf3 Rf8
30.Ng4 Rxf3 31.Qxf3 Bxg3+ 32.Kg1 Qf8 33.Qxf8+ Kxf8 34.Rf1+ Rf7 35.Rxf7+ Kxf7
36.Ne2 e5 37.Ne3 Bh4 38.Bf3 Nf6 39.Nc3 Be1 40.Ncd5 h5 41.Kf1 Ba5 42.Ke2 Bc8
43.Bg2 Be6 44.Nxf6 Kxf6 45.Nd5+ Kg5 46.Kf3 Kh4 47.Ne7 Bd8 48.Nc6 Bf6 49.Nb8 Bc8
50.a3 g5 51.b4 cxb4 52.axb4 Bxh3 53.Nxa6 g4+ 54.Kf2 g3+ 55.Kf1 Bxg2+ 56.Kxg2 Kg4
57.Nc7 h4 58.Nd5 h3+ 59.Kg1 Bd8 60.b5 Kf3 61.b6 g2  0-1

[Event "FRA-ch"]
[Site "France"]
[Date "1996.??.??"]
[Round "5"]
[White "Bricard, Emmanuel"]
[Black "Degraeve, Jean Marc"]
[Result "1-0"]
[WhiteElo "2475"]
[BlackElo "2515"]

1.d4 Nf6 2.c4 e6 3.g3 c5 4.Nf3 cxd4 5.Nxd4 Qc7 6.Qd3 a6 7.Bg2 Nc6 8.Nd2 Nxd4
9.Qxd4 Bc5 10.Qd3 d5 11.O-O O-O 12.cxd5 Nxd5 13.Nb3 Bb6 14.Bxd5 exd5 15.Be3 Bxe3
16.Qxe3 Bh3 17.Rfc1 Qd6 18.Qf4 Qxf4 19.gxf4 Rac8 20.Rxc8 Rxc8 21.Nd4 h6 22.f3 Kf8
23.Kf2 Ke7 24.Rd1 Bd7 25.Rd3 Kd6 26.Rb3 b5 27.Ra3 Kc5 28.Rc3+ Kb6 29.Rxc8 Bxc8
30.b4 a5 31.a3 axb4 32.axb4 Bd7 33.Ke3 Kc7 34.Nc2 Bf5 35.Nd4 Bd7 36.Nc2 Bf5
37.Ne1 Bh3 38.Kd4 Bf1 39.Kd3 Bh3 40.Kd4 Bf1 41.Kd3 Bh3 42.Kc3 Kd6 43.Nc2 g5
44.fxg5 hxg5 45.Na3 Bd7 46.Kd4 f5 47.e3 f4 48.exf4 gxf4 49.Nb1 Be8 50.Nc3 Ke6
51.Ne2 Kf5 52.Kxd5 Bf7+ 53.Kd6 Be8 54.Nd4+  1-0

[Event "BL2-O9596"]
[Site "Germany"]
[Date "1996.??.??"]
[Round "?"]
[White "Priehoda, Vitezslav"]
[Black "Koehler, Ronald"]
[Result "1-0"]
[WhiteElo "2380"]
[BlackElo "2270"]

1.d4 Nf6 2.c4 e6 3.g3 c5 4.d5 exd5 5.cxd5 d6 6.Nc3 g6 7.Bg2 Bg7 8.Nf3 O-O
9.O-O Re8 10.h3 a6 11.a4 Nbd7 12.Nd2 Rb8 13.Nc4 Ne5 14.Na3 Nh5 15.Bd2 Bd7
16.Rb1 b5 17.axb5 axb5 18.b4 f5 19.bxc5 b4 20.c6 bxc3 21.Rxb8 Qxb8 22.cxd7 Nxd7
23.Bc1 Qa7 24.Kh2 Qa6 25.Re1 Nhf6 26.Nc2 Ne4 27.Be3 Qc4 28.Qd3 Qxd3 29.exd3 Nec5
30.d4 Nb3 31.Rd1 Kf7 32.Rd3 Rc8 33.Bf4 Bf8 34.g4 fxg4 35.hxg4 Nb6 36.Rh3 Kg8
37.Re3 Rc7 38.Re8 Nc8 39.g5 Kf7 40.Re3 Bg7 41.Rd3 Bf8 42.Rd1 Rc4 43.Bf1 Ra4
44.Rd3 Nb6 45.Rxc3 Nxd5 46.Rxb3 Nxf4 47.Rf3 Bg7 48.Rxf4+ Ke6 49.d5+  1-0

[Event "BL2-S9596"]
[Site "Germany"]
[Date "1996.??.??"]
[Round "?"]
[White "Ksieski, Zbigniew"]
[Black "Steinbacher, Matthias"]
[Result "1/2-1/2"]
[WhiteElo "2400"]
[BlackElo "2335"]

1.d4 Nf6 2.c4 e6 3.g3 c5 4.d5 exd5 5.cxd5 d6 6.Nc3 g6 7.Bg2 Bg7 8.Nf3 O-O
9.O-O a6 10.a4 Qc7 11.Qb3 Nbd7 12.Nd2 b5 13.axb5 Nb6 14.Rd1 Re8 15.h3 Bb7
16.e4 Nfd7 17.Qc2 Bxc3 18.Qxc3 axb5 19.Rxa8 Rxa8 20.b4 Na4 21.Qc2 Rc8 22.bxc5 Qxc5
23.Qb3 Nc3 24.Re1 Ne2+ 25.Rxe2 Qxc1+ 26.Nf1 Rc5 27.Rb2 Ne5 28.f4 Nc4 29.Rb1 Nd2
30.Rxc1 Nxb3 31.Rb1 Rc3 32.e5 dxe5 33.d6 Bc8 34.fxe5 Be6 35.Rd1 Nc5 36.Rb1 Bd7
37.Nh2  1/2-1/2

[Event "BL2-O9596"]
[Site "Germany"]
[Date "1996.??.??"]
[Round "?"]
[White "Mirschinka, Dirk"]
[Black "Koehler, Ronald"]
[Result "1/2-1/2"]
[WhiteElo "2280"]
[BlackElo "2270"]

1.d4 Nf6 2.c4 e6 3.g3 c5 4.d5 exd5 5.cxd5 d6 6.Nc3 g6 7.Bg2 Bg7 8.Nf3 O-O
9.O-O Re8 10.Re1 Bg4 11.Bf4 Qd7 12.Qd3 Na6 13.Qb5 Qc7 14.Qc4 Rad8 15.Nd2 Bd7
16.Rac1 Ng4 17.Nb5 Bxb5 18.Qxb5 Qd7 19.Qxd7 Rxd7 20.Bh3 f5 21.Nc4 Ne5 22.Bxe5 dxe5
23.e4 Nb4 24.exf5 Rxd5 25.fxg6 hxg6 26.Rcd1 Rd4  1/2-1/2

[Event "BL2-N9697"]
[Site "Germany"]
[Date "1996.??.??"]
[Round "?.5"]
[White "Tatenhorst, Volker"]
[Black "Winterfeld, Dirk"]
[Result "1-0"]
[WhiteElo "2280"]
[BlackElo "2245"]

1.d4 Nf6 2.c4 e6 3.g3 c5 4.d5 exd5 5.cxd5 d6 6.Nc3 g6 7.Bg2 Bg7 8.Nf3 O-O
9.O-O Na6 10.h3 Nc7 11.e4 Nd7 12.a4 b6 13.Re1 Ba6 14.Bf4 Ne5 15.Nxe5 dxe5
16.Be3 Qd6 17.g4 Rad8 18.Qc2 Kh8 19.a5 Ra8 20.Rec1 Rfc8 21.Na4 Nb5 22.Qb3 Rcb8
23.axb6 axb6 24.Bf1 Nc7 25.Bxa6 Nxa6 26.Nc3 Nc7 27.Nb5 Nxb5 28.Qxb5 Bf8 29.Kg2 Qd8
30.Qc6 Bd6 31.Rxa8 Rxa8 32.Bg5 Qf8 33.Bf6+ Kg8 34.Qxb6 Rb8 35.Qc6 Rxb2 36.Ra1 Rb8
37.Ra6 Be7 38.Bxe5 Rc8 39.Qb7 Rd8 40.Ra7 Bd6 41.Bxd6 Rxd6 42.e5 Rd8 43.e6  1-0

[Event "NRW-Liga II 9596"]
[Site "Germany"]
[Date "1996.??.??"]
[Round "?"]
[White "Pieper Emden, Carsten"]
[Black "Kurr, Gerd"]
[Result "1/2-1/2"]
[WhiteElo "2345"]
[BlackElo "2250"]

1.d4 Nf6 2.c4 e6 3.g3 c5 4.Nf3 d5 5.cxd5 exd5 6.Bg2 Nc6 7.O-O Be7 8.Nc3 O-O
9.b3 Re8 10.Bb2 Be6 11.dxc5 Bxc5 12.Na4 Be7 13.Nd4 Nxd4 14.Qxd4 b6 15.Rac1 Rc8
16.e3 Qd7 17.Rfd1 Rxc1 18.Rxc1 Rc8 19.Rxc8+ Qxc8 20.Nc3 Qc6 21.h3 h6 22.Qd3 Qb7
23.g4 Bc5 24.f4 Qe7 25.Na4 Bd6 26.Bd4 Bd7 27.Nc3 Bc6 28.Nb5 Bxb5 29.Qxb5 Qe6
30.Qc6 Bc5 31.Qxe6 fxe6 32.Kf2 Bxd4 33.exd4 g5 34.Kg3 Kf7 35.h4 gxh4+ 36.Kxh4 Ne8
37.Bf1 Nd6 38.Bd3 Kg7 39.g5 Nf7 40.gxh6+ Nxh6 41.f5 Kf6 42.fxe6 Kxe6 43.Kg5 Nf7+
44.Kf4 Nd6 45.a4 a5 46.Bh7 Nb7 47.Bf5+ Kd6 48.Bg6 Nd8 49.Be8  1/2-1/2

[Event "Oberliga Ost 9596 playoff"]
[Site "Germany"]
[Date "1996.??.??"]
[Round "?"]
[White "Roeber, Bjoern"]
[Black "Holfelder, Hans Joachim"]
[Result "1-0"]
[WhiteElo "2220"]
[BlackElo "2315"]

1.d4 Nf6 2.c4 e6 3.g3 c5 4.d5 exd5 5.cxd5 d6 6.Nc3 g6 7.Bg2 Bg7 8.Nf3 O-O
9.O-O Na6 10.Nd2 Nc7 11.Nc4 Re8 12.Qd3 Ng4 13.a4 Ne5 14.Nxe5 Bxe5 15.Rb1 Na6
16.Re1 Nb4 17.Qd2 Bd7 18.b3 Bxc3 19.Qxc3 Na2 20.Qb2 Nxc1 21.Rbxc1 Qe7 22.e4 f5
23.b4 fxe4 24.bxc5 dxc5 25.Rxe4 Qd6 26.Rxe8+ Rxe8 27.Qxb7 c4 28.h4 Rc8 29.Qxa7 c3
30.Kh2 Rc4 31.Qa8+ Kg7 32.Qd8 Rc8 33.Qg5 Bxa4 34.Qe3 Qb4 35.Qe5+ Kh6 36.d6 c2
37.Qg5+ Kg7 38.Qe7+ Kh6 39.d7  1-0

[Event "Graz op"]
[Site "Graz"]
[Date "1996.??.??"]
[Round "?"]
[White "Raffalt, Manfred"]
[Black "Farago, Ivan"]
[Result "0-1"]
[WhiteElo "2215"]
[BlackElo "2525"]

1.d4 Nf6 2.c4 e6 3.g3 c5 4.Nf3 cxd4 5.Nxd4 d5 6.Bg2 e5 7.Nf3 d4 8.O-O Nc6
9.b4 e4 10.Ng5 Bxb4 11.Nd2 e3 12.fxe3 O-O 13.Nde4 Nxe4 14.Nxe4 Be6 15.Rb1 dxe3
16.Qc2 f5 17.Rd1 Qe7 18.a3 Bxa3 19.Bxa3 Qxa3 20.Ng5 Nd8 21.Rb3 Qe7 22.Nxe6 Nxe6
23.Rxb7 Qf6 24.Bd5 Kh8 25.Rb3 Rac8 26.Rxe3 Ng5 27.Qc3 Qh6 28.Re7 f4 29.Bg2 fxg3
30.Qxg3 Rxc4 31.Re5 Ne6 32.Qe3 Nf4 33.Rf1 Qg6 34.Qg3 Qf6 35.Re3 h6 36.Kh1 Nh5
37.Qe1 Rf4 38.Rxf4 Nxf4 39.Rf3 Qd6 40.Qf1  0-1

[Event "Mar del Plata op"]
[Site "Mar del Plata"]
[Date "1996.??.??"]
[Round "9"]
[White "Olivares, Daniel"]
[Black "Rosito, Jorge"]
[Result "0-1"]
[WhiteElo "2215"]
[BlackElo "2395"]

1.d4 Nf6 2.c4 e6 3.g3 c5 4.Nf3 cxd4 5.Nxd4 d5 6.Bg2 e5 7.Nf3 d4 8.O-O Nc6
9.Nbd2 Be7 10.a3 a5 11.Qc2 O-O 12.Nh4 Re8 13.b3 Bg4 14.Re1 Bxe2 15.Nf5 d3
16.Nxe7+ Rxe7 17.Qc3 Nd4 18.Ra2 Qd7 19.a4 Qf5 20.h3 h5 21.Ba3 Rd7 22.Bc5 Ra6
23.f4 Nc6 24.fxe5 Nxe5 25.Bd4 Re6 26.Bxe5 Rxe5 27.Nf3 Re6 28.Nh4 Qg5 29.Qd2 Qxg3
30.Nf5 Qe5 31.Qg5 g6 32.Rd2 Qxf5  0-1

[Event "Meisdorf op"]
[Site "Meisdorf"]
[Date "1996.??.??"]
[Round "?"]
[White "Korsunsky, Yuri"]
[Black "Berelovich, Aleksandar"]
[Result "0-1"]
[WhiteElo "2415"]
[BlackElo "2505"]

1.d4 Nf6 2.c4 e6 3.g3 c5 4.d5 exd5 5.cxd5 d6 6.Nc3 g6 7.Bg2 Bg7 8.Nf3 O-O
9.O-O Re8 10.h3 a6 11.a4 Nbd7 12.Qc2 Rb8 13.Rb1 Qc7 14.Nd2 b5 15.e4 c4 16.Nd1 Nc5
17.axb5 axb5 18.b3 cxb3 19.Nxb3 Nfxe4 20.Bxe4 Rxe4 21.Nxc5 Rc4 22.Qe2 Rxc5
23.Ba3 Bxh3 24.Re1 Bf5 25.Rb3 Rxd5 26.Ne3 Re5 27.Bb2 Rc5 28.Ba3 Be6 29.Rbb1 Bc3
30.Bxc5 Bxe1 31.Bd4 Bc3 32.Bxc3 Qxc3 33.Rxb5 Rxb5 34.Qxb5 Kg7 35.Qb8 Qd4
36.Qb7 h5 37.Kg2 h4 38.gxh4 Qxh4 39.Qb2+ Kh7 40.Qd2 Qf4 41.Qc3 d5 42.Nc2 Qg4+
43.Kh2 Qc4 44.Qd2 Qh4+ 45.Kg1 Qg4+ 46.Kh2 Qh4+ 47.Kg1 Bf5 48.Qxd5 Qg5+ 49.Kh1 Qe7
50.Qb3 Qe4+ 51.Kh2 Qxc2 52.Qxf7+ Kh6 53.Qf8+ Kh5 54.Qh8+ Kg5 55.Qd8+ Kg4
56.Qd4+ Qe4 57.f3+ Kxf3 58.Qf2+ Kg4 59.Qg1+ Kh5 60.Qd1+ Qg4  0-1

[Event "Fide Mercenarios 10th"]
[Site "MEX"]
[Date "1996.??.??"]
[Round "1"]
[White "Pla, Silvio"]
[Black "Sorensen, J."]
[Result "1-0"]
[WhiteElo "2230"]
[BlackElo "2070"]

1.d4 e6 2.c4 Nf6 3.g3 c5 4.d5 d6 5.Nc3 e5 6.Bg2 Be7 7.e4 O-O 8.Nge2 Bg4 9.h3 Bh5
10.g4 Bg6 11.Ng3 Ne8 12.Be3 Nd7 13.Qd2 Bh4 14.Nf5 Bxf5 15.exf5 g5 16.Ne4 f6
17.O-O Qe7 18.a3 Nb6 19.Rfc1 Rc8 20.b4 cxb4 21.c5 Nd7 22.axb4 a6 23.Rc3 h5
24.Rac1 hxg4 25.hxg4 dxc5 26.bxc5 Nb8 27.c6 bxc6 28.Bc5 Qf7 29.Bxf8 Qxf8
30.dxc6 Rc7 31.Qd8 Nxc6 32.Rxc6 Rb7 33.Nxf6+ Nxf6 34.Qxf8+ Kxf8 35.Rxf6+  1-0

[Event "NOR-ch"]
[Site "NOR"]
[Date "1996.??.??"]
[Round "3"]
[White "Heim, Sverre"]
[Black "Fossan, Erik"]
[Result "1/2-1/2"]
[WhiteElo "2410"]
[BlackElo "2360"]

1.d4 Nf6 2.c4 e6 3.g3 c5 4.Nf3 cxd4 5.Nxd4 Bb4+ 6.Bd2 Qb6 7.e3 Nc6 8.Bg2 O-O
9.O-O Be7 10.Bc3 d5 11.Nd2 Rd8 12.Qe2 Bd7 13.Rfd1 Nxd4 14.Bxd4 Qa6 15.Bf1 Bc6
16.cxd5  1/2-1/2

[Event "Paris op"]
[Site "Paris"]
[Date "1996.??.??"]
[Round "4"]
[White "Luce, Sebastien"]
[Black "Kinsman, Andrew PH"]
[Result "1-0"]
[WhiteElo "2405"]
[BlackElo "2365"]

1.c4 Nf6 2.g3 e6 3.d4 c5 4.Nf3 cxd4 5.Nxd4 Nc6 6.Bg2 Qb6 7.Nb3 Bb4+ 8.Bd2 d5
9.cxd5 Nxd5 10.O-O Bxd2 11.N1xd2 O-O 12.Nc4 Qb4 13.Rc1 Rd8 14.a3 Qe7 15.Nd4 Nf4
16.Nxc6 bxc6 17.Qc2 Nxg2 18.Kxg2 c5 19.Rfd1 Bb7+ 20.f3 e5 21.Ne3 e4 22.f4 Rxd1
23.Rxd1 Rc8 24.Qd2 Bc6 25.Qc3 Qe6 26.Rd2 Bb5 27.f5 Qc6 28.Kf2 Kf8 29.Rd5 Kg8
30.Qa5 a6 31.Qd2 h6 32.Rd6 Qe8 33.Qd5 Kh7 34.f6 g6 35.b3 Kg8 36.a4 Bc6 37.Qxc5 Bxa4
38.Qb4 Bb5 39.Qd4 Kh7 40.h4 h5 41.Qd5 Rc6 42.Nf5 Rc2 43.Nd4 e3+ 44.Kg1 Rc1+
45.Kh2 Rc8 46.Nxb5 axb5 47.Rd7 Kg8 48.Re7 Qf8 49.Qxb5 Qd8 50.Qb7 Rb8 51.Qa7 Ra8
52.Qxe3 Qd5 53.Qh6  1-0

[Event "Portoroz"]
[Site "Portoroz"]
[Date "1996.??.??"]
[Round "?"]
[White "Hulak, Krunoslav"]
[Black "Podlesnik, Bogdan"]
[Result "0-1"]
[WhiteElo "2545"]
[BlackElo "2410"]

1.d4 Nf6 2.c4 e6 3.g3 c5 4.d5 exd5 5.cxd5 b5 6.Bg2 d6 7.b4 cxb4 8.a3 bxa3
9.Nxa3 Bd7 10.Nf3 a5 11.O-O Be7 12.Nd4 b4 13.Nc4 Ra6 14.Qb3 O-O 15.Rd1 Qc7
16.Rd2 Qc5 17.Qd3 a4 18.Ne3 Ng4 19.Nxg4 Bxg4 20.Qe4 Qc3 21.Rb1 a3 22.Nb5 Qc5
23.Ra2 Qxb5 24.Rxb4 Qc5 25.Be3 Bf5 26.Bxc5 Bxe4 27.Rxe4 Bf6 28.Bb4 Bb2 29.Re3 Nd7
30.Bxa3 Bd4 31.Rd3 Bc5 32.Bxc5 Rxa2 33.Bxd6 Ra1+ 34.Bf1 Rc8 35.Ba3 Ne5 36.Rb3 Nc4
37.Bb4 Rb8 38.e3 Nd2 39.Bxd2 Rxb3 40.Kg2 Rd1 41.Bc4 Rbb1 42.Bc3 Rbc1 43.Bb3 Rg1+  0-1

[Event "Banicky Kahanec"]
[Site "Prievidza"]
[Date "1996.??.??"]
[Round "5"]
[White "Dobrotka, Martin"]
[Black "Huba, Martin"]
[Result "1-0"]
[WhiteElo "2210"]
[BlackElo "2140"]

1.d4 Nf6 2.c4 e6 3.g3 c5 4.Bg2 cxd4 5.Qxd4 Nc6 6.Qd1 Qb6 7.e3 Qb4+ 8.Nd2 Ne5
9.Qc2 Qd6 10.Ngf3 Nd3+ 11.Ke2 Nb4 12.Qc3 Qb6 13.a3 Nc6 14.Rd1 d5 15.Kf1 Bd7
16.Kg1 Rc8 17.b4 dxc4 18.Nxc4 Qc7 19.Bb2 Nxb4 20.axb4 Qxc4 21.Qxc4 Rxc4 22.Rxa7 Rc8
23.Ne5 Bc6 24.Bxc6+ bxc6 25.Nxf7 Rg8 26.Bxf6 gxf6 27.Nd6+ Bxd6 28.Rxd6  1-0

[Event "RUS-Cup1 Chigorin mem"]
[Site "St Petersburg"]
[Date "1996.??.??"]
[Round "9"]
[White "Biriukov, Oleg V"]
[Black "Beliavsky, Boris"]
[Result "1-0"]
[WhiteElo "2415"]
[BlackElo "2305"]

1.d4 Nf6 2.c4 e6 3.g3 c5 4.d5 exd5 5.cxd5 g6 6.Nc3 Bg7 7.Bg2 O-O 8.d6 Nc6
9.Nf3 Rb8 10.O-O b5 11.Be3 b4 12.Na4 c4 13.Rc1 Ba6 14.Nd2 Ng4 15.Bc5 c3 16.bxc3 bxc3
17.Ne4 Qa5 18.Naxc3 Rfe8 19.h3 Nh6 20.Nd5 Kh8 21.Nc7 Qxa2 22.Nxe8 Bxe2 23.Rc2 Bxd1
24.Rxa2 Bb3 25.Ra3  1-0

[Event "SVK-chT9596"]
[Site "?"]
[Date "1996.??.??"]
[Round "4"]
[White "Husek, Zdenek"]
[Black "Priehoda, Vitezslav"]
[Result "1/2-1/2"]
[WhiteElo "2255"]
[BlackElo "2365"]

1.d4 Nf6 2.c4 e6 3.g3 c5 4.d5 exd5 5.cxd5 d6 6.Bg2 g6 7.Nf3 Bg7 8.O-O O-O
9.Nc3 Na6 10.Nd2 Nc7 11.Nc4 Nfe8 12.a4 b6 13.Nb5 Nxb5 14.axb5 Nc7 15.Qb3 Re8
16.e4 Qd7 17.Bf4 Bf8 18.e5 Bb7 19.exd6 Qxb5 20.Qxb5 Nxb5 21.Rfe1 f6 22.Rxe8 Rxe8
23.Bh3 Bxd5 24.Bd7 Bxc4 25.Bxe8 Nxd6 26.Bxd6 Bxd6 27.Rxa7 Be5 28.Rb7 Bxb2
29.Rxb6 Bd4 30.Rb8 Kg7 31.Rc8 Be6 32.Rc7+ Kg8 33.Bb5 Bd5 34.Kf1 g5 35.Bd3 h6
36.h4 Bf7 37.Ke2 Bh5+ 38.f3 Bf7 39.Bb5 Be5 40.Rc8+ Kg7 41.hxg5 hxg5 42.g4 Bd4
43.Bd3 Bd5 44.Rc7+ Kf8 45.Bg6 Bc4+ 46.Kd2 Bd5 47.Be4 Bc4 48.Kc2 Kg8 49.Rd7 Kf8
50.Bd3 Be6 51.Rc7 Bd5 52.Be2 Ke8 53.Bb5+ Kf8 54.Bc6 Bc4 55.Kd2  1/2-1/2